Zákon o verejnom obstarávaní ZÁKON č. 343/2015 Z. z. o verejnom obstarávaní s komentárom

Postupy zadávania nadlimitných zákaziek. Zadávanie nadlimitných zákaziek verejným obstarávatelom, obstarávateĺom a zadávanie nadlimitných koncesií. Zadávanie podlimitných zákaziek, zadávanie zákaziek s nízkou hodnotou a zadávanie podlimitných koncesií. Súťaž návrhov, zadávanie v oblasti obrany a bez...

Descripción completa

Guardado en:
Detalles Bibliográficos
Autor principal: Zachar, Juraj
Formato: Capítulo de libro
Lenguaje:eslovaco
Materias:
Etiquetas: Agregar Etiqueta
Sin Etiquetas, Sea el primero en etiquetar este registro!

MARC

LEADER 00000naa a2200000 4500
001 0280380
005 20240417075148.7
041 0 |a slo 
044 |a SK 
245 1 0 |a Zákon o verejnom obstarávaní  |b ZÁKON č. 343/2015 Z. z. o verejnom obstarávaní s komentárom  |c Juraj Zachar 
520 |a Postupy zadávania nadlimitných zákaziek. Zadávanie nadlimitných zákaziek verejným obstarávatelom, obstarávateĺom a zadávanie nadlimitných koncesií. Zadávanie podlimitných zákaziek, zadávanie zákaziek s nízkou hodnotou a zadávanie podlimitných koncesií. Súťaž návrhov, zadávanie v oblasti obrany a bezpečnosti a správa vo verejnom obstarávaní. Certifikácia systému na uskutočnenie elektronickej aukcie. Zoznam hodposdárskych subjektov, revízne postupy a činnosť vystavená hospodárskej súťaži. 
610 2 0 |a legislatíva 
610 2 0 |a obstarávanie verejné 
610 2 0 |a koncesie 
610 2 0 |a zákazky 
610 2 0 |a novelizácia 
100 1 |a Zachar, Juraj